[Event "San Francisco Stamer Memorial"]
[Site "San Francisco"]
[Date "2005.06.05"]
[Round "6"]
[White "Shipman, Walter"]
[Black "Mezentsev, Vladimir Gen"]
[Result "0-1"]
[WhiteElo "2204"]
[BlackElo "2516"]
[PlyCount "52"]
[EventDate "2005.06.04"]
[EventType "swiss"]
[EventRounds "6"]
[EventCountry "USA"]
[SourceTitle "EXT 2007"]
[Source "ChessBase"]
[SourceDate "2006.11.23"]
[SourceVersion "1"]
[SourceVersionDate "2006.11.23"]
[SourceQuality "1"]

1. d4 Nf6 2. g3 g6 3. Bg2 Bg7 4. e4 0-0 5. Nc3 d6 6. Nge2 c6 7. a4 e5 8. 0-0 Nbd7 9. a5 Re8 10. h3 exd4 11. Nxd4 Nc5 12. Re1 a6 13. Bf4 h6 14. b4 Ne6 15. Nxe6 Rxe6 16. Qd2 g5 17. Be3 Nd7 18. Rad1 Ne5 19. Bd4 Rg6 20. Kh2 Qe7 21. f4 gxf4 22. gxf4 Qh4 23. Rf1 Bxh3 24. Bxh3 Ng4+ 25. Kg1 Bxd4+ 26. Qxd4 Ne3+ 0-1

[Event "Reno Far West op"]
[Site "Reno"]
[Date "2004.04.11"]
[Round "6"]
[White "Mezentsev, Vladimir Gen"]
[Black "Zaikov, Oleg"]
[Result "1-0"]
[WhiteElo "2493"]
[BlackElo "2268"]
[PlyCount "95"]
[EventDate "2004.04.09"]
[EventType "swiss"]
[EventRounds "6"]
[EventCountry "USA"]
[SourceTitle "EXT 2009"]
[Source "ChessBase"]
[SourceDate "2008.11.26"]
[SourceVersion "1"]
[SourceVersionDate "2008.11.26"]
[SourceQuality "1"]

1. e4 c5 2. Nf3 d6 3. d4 cxd4 4. Nxd4 Nf6 5. Nc3 a6 6. Bc4 e6 7. Bb3 Nbd7 8. Be3 Nc5 9. f3 Be7 10. Qe2 Qc7 11. g4 b5 12. g5 Nfd7 13. h4 Bb7 14. a3 Nxb3 15. cxb3 Nc5 16. Rc1 Qd7 17. Rd1 Rc8 18. Qg2 0-0 19. Qg4 f5 20. gxf6 Bxf6 21. b4 Na4 22. Nxa4 bxa4 23. Qxe6+ Qxe6 24. Nxe6 Rfe8 25. Rxd6 Rc6 26. Rxc6 Bxc6 27. Nd4 Bxd4 28. Bxd4 Bxe4 29. Rg1 Bd5+ 30. Kf2 Re7 31. f4 Rc7 32. Rg5 Bc4 33. Ke3 Re7+ 34. Kd2 g6 35. h5 Kf7 36. h6 Bb5 37. Rc5 Ke6 38. Ke3 Rf7 39. Rc8 Kf5 40. Kf3 Ke6 41. Ke4 Bd7 42. Rh8 Bc6+ 43. Ke3 Kf5 44. Bg7 Re7+ 45. Kd4 Kxf4 46. Rxh7 Kf5 47. Rh8 g5 48. Rf8+ 1-0

[Event "Reno Far West op"]
[Site "Reno"]
[Date "2004.04.11"]
[Round "5"]
[White "Shivaji, Shivkuma"]
[Black "Mezentsev, Vladimir Gen"]
[Result "0-1"]
[WhiteElo "2279"]
[BlackElo "2493"]
[PlyCount "72"]
[EventDate "2004.04.09"]
[EventType "swiss"]
[EventRounds "6"]
[EventCountry "USA"]
[SourceTitle "EXT 2009"]
[Source "ChessBase"]
[SourceDate "2008.11.26"]
[SourceVersion "1"]
[SourceVersionDate "2008.11.26"]
[SourceQuality "1"]

1. e4 c5 2. Nc3 Nc6 3. f4 g6 4. Nf3 Bg7 5. Bb5 Nd4 6. 0-0 Nxb5 7. Nxb5 d6 8. a4 Nf6 9. d3 0-0 10. Qe1 d5 11. e5 Ne8 12. d4 c4 13. Bd2 Bf5 14. Rc1 Nc7 15. Nc3 Qd7 16. h3 f6 17. g4 Be6 18. Kg2 h5 19. Nh4 hxg4 20. Nxg6 Rf7 21. Qh4 Bf5 22. hxg4 Bxg6 23. f5 Bh7 24. e6 Nxe6 25. fxe6 Qxe6 26. Rfe1 Qd7 27. Rh1 Bg6 28. Rh3 e5 29. Be3 Re8 30. Qg3 f5 31. gxf5 Qxf5 32. Bh6 exd4 33. Bxg7 Rxg7 34. Rf1 dxc3 35. Qh4 Re2+ 36. Kg1 Qxh3 0-1

[Event "Reno Far West op"]
[Site "Reno"]
[Date "2004.04.10"]
[Round "3"]
[White "Kudrin, Sergey"]
[Black "Mezentsev, Vladimir Gen"]
[Result "1-0"]
[WhiteElo "2609"]
[BlackElo "2493"]
[PlyCount "68"]
[EventDate "2004.04.09"]
[EventType "swiss"]
[EventRounds "6"]
[EventCountry "USA"]
[SourceTitle "EXT 2009"]
[Source "ChessBase"]
[SourceDate "2008.11.26"]
[SourceVersion "1"]
[SourceVersionDate "2008.11.26"]
[SourceQuality "1"]

1. e4 c5 2. Nf3 Nc6 3. d4 cxd4 4. Nxd4 g6 5. Nc3 Bg7 6. Be3 Nf6 7. Bc4 0-0 8. Bb3 d6 9. f3 Bd7 10. Qd2 Nxd4 11. Bxd4 b5 12. a3 Qa5 13. h4 Be6 14. h5 Rfc8 15. hxg6 hxg6 16. Rd1 Rab8 17. Qg5 Bc4 18. g4 e5 19. Be3 Bxb3 20. cxb3 b4 21. axb4 Qxb4 22. Qh4 Qxb3 23. Rd2 Rxc3 24. bxc3 Qxc3 25. Kf2 d5 26. exd5 e4 27. g5 Rb2 28. gxf6 Rxd2+ 29. Bxd2 Qxf3+ 30. Ke1 Bxf6 31. Qh7+ Kf8 32. Bb4+ Ke8 33. Qg8+ Kd7 34. Qxf7+ Kc8 1-0